000
00350nam a2200169Ia 4500
100
_a
Kanjilal/Jaydip
650
_a
ASP
942
_c
BK
366
_f
25
654
_a
ASP.NET
245
_a
ASP.NET 4.0 programming
260
_b
Tata McGraw Hill
_c
2010
082
_a
5.133
_b
KAN
300
_a
382
546
_a
ENGLISH
_c
PAMPHALETS
999
_c
20995
_d
20995